|
|
|
|
| LEADER |
00000nam0a2200000 4500 |
| 001 |
277483 |
| 005 |
20231101235023.0 |
| 020 |
|
|
|a RU
|b 86-30946
|
| 035 |
|
|
|a (RuTPU)RU\TPU\book\300757
|
| 090 |
|
|
|a 277483
|
| 100 |
|
|
|a 20141203d1986 k y0rusy5003 ca
|
| 101 |
0 |
|
|a rus
|
| 102 |
|
|
|a RU
|
| 105 |
|
|
|a a z 101zy
|
| 200 |
1 |
|
|a Физика элементарных частиц
|e материалы XXI зимней школы ЛИЯФ
|f Академия наук СССР (АН СССР), Ленинградский институт ядерной физики им. В. П. Константинова (ЛИЯФ)
|
| 210 |
|
|
|a Ленинград
|c Изд-во ЛИЯФ
|d 1986
|
| 215 |
|
|
|a 239 с.
|c ил.
|
| 320 |
|
|
|a Библиогр. в конце статей
|
| 606 |
1 |
|
|a Элементарные частицы
|2 stltpush
|3 (RuTPU)RU\TPU\subj\21082
|9 46124
|
| 610 |
1 |
|
|a физика
|
| 610 |
1 |
|
|a квантовая хромодинамика
|
| 610 |
1 |
|
|a бозонные струны
|
| 610 |
1 |
|
|a нуклоны
|
| 610 |
1 |
|
|a суперсимметрия
|
| 610 |
1 |
|
|a адроны
|
| 610 |
1 |
|
|a зимняя школа
|
| 675 |
|
|
|a 539.12(063)
|z rus
|v 4
|
| 712 |
0 |
2 |
|a Академия наук СССР (АН СССР)
|b Ленинградский институт ядерной физики им. В. П. Константинова (ЛИЯФ)
|c (Гатчина)
|2 stltpush
|3 (RuTPU)RU\TPU\col\7122
|
| 712 |
1 |
2 |
|a Физика элементарных частиц
|c Зимняя школа ЛИЯФ
|d 21
|e Ленинград
|f 1986
|
| 801 |
|
0 |
|a RU
|b RuMRKP
|c 19950704
|g psbo
|
| 801 |
|
1 |
|a RU
|b 63413507
|c 20141203
|
| 801 |
|
2 |
|a RU
|b 63413507
|c 20170405
|g RCR
|
| 942 |
|
|
|c BK
|